Celebrities who did not live to see 30- sudden death - Statistics

General Stats
  • This quiz has been taken 1,047 times
  • The average score is 4 of 20
Answers on the Grid
Answers color-coded by a green-red scale on the quiz's grid according to % correct below.
Aaliyah
Amy Winehouse
Andy Gibb
Andy Kaufman
Anna Nicole Smith
Brandon Lee
Brittany Murphy
Buddy Holly
Chris Farley
Corey Haim
Dana Plato
Dennis Wilson
DJ Avicii
Eazy- E
Florence Griffith Joyner (Flo-Jo)
Hank Williams
Heath Ledger
James Dean
Janis Joplin
Jean Harlow
Jim Morrison
Jimi Henrix
John Belushi
Karen Carpenter
Kurt Cobain
Lisa "Left Eye" Lopes
Malcolm X
Marilyn Monroe
Martin Luther King Jr.
Mindy McCready
Otis Redding
Princess Di
Ritchie Valens
River Phoenix
Ronnie Van Zant
Sam Kinison
Selena
Stevie Ray Vaughan
The Notorious B.I.G.
Tupac Shakur
 
Answer Stats
Answer % Correct
Amy Winehouse
84%
Aaliyah
58%
Kurt Cobain
30%
Brandon Lee
24%
Jimi Henrix
23%
Tupac Shakur
23%
DJ Avicii
21%
Heath Ledger
21%
James Dean
21%
Jim Morrison
21%
Buddy Holly
20%
Janis Joplin
20%
River Phoenix
16%
The Notorious B.I.G.
15%
Selena
14%
Ritchie Valens
7%
Otis Redding
5%
Hank Williams
2%
Ronnie Van Zant
2%
Jean Harlow
1%
No matching quizzes found
Score Distribution
Percent of People with Each Score
Percentile by Number Answered
Your Score History
You have not taken this quiz